000 01444nam a2200289Ia 4500
001 D4256
003 IT-RoPAU
008 130308s9999 xx 000 0 und d
040 _aIT-RoPAU
040 _cIT-RoPAU
041 _aFRANCESE
100 _aJemaa Ferid
100 _gCodice Aut. SPICS: 44539
245 _aMultimedia - 2500 mots pour comprendre
245 _bMultimedia - 2500 Mots pour Comprendre
250 _a1a ed.
260 _aPARIS
260 _bEyrolles
260 _c1995 [1° Ed.:1995 - Ed.Ling.Originale:1995]
300 _a"352 p. (prefazione: 10; testo: 342)"
500 _aMultimedia: 2500 termini per comprendere Il Campo dei Multimedia che Spazia tra Informatica, Audiovisivo, Telecomunicazioni e Reti. vocabolario di Parole Fondamentali legate a Ciascuna Disciplina del Multimedia per Presentare un insieme Strutturato e Coerente di Concetti Essenziali Alla Sua Comprensione. tra le nozioni Principali: video Numerico, Audionumerico, Algoritmi di Compressione e Decompressione, sistemi Ottici e Magnetici di Stockaggio,Formati di codificazione e Decodificazione, Ipertesto, Ipermedia, Realtà Virtuale, Internet, Atm, Servizi Multimedia, Dispositivi e Trattamenti Multimedia, immagini di Sintesi. vocabolario in Francese e Inglese. Sigle e Acronimi. vari Indici.
650 _aENCICLOPEDIE DELLA MULTIMEDIALITA'
650 _eCodice materia Spics: 4251
942 _cBK
957 _71
999 _c90024
_d90024
999 _g1